000 00701nam a22001817a 4500
008 190807b xxu||||| |||| 00| 0 eng d
020 _a9780415376693
050 _aPE1075.C36
245 _aChanging English. /
_cedited by: David Garddol
260 _aNew York:
_bRouledge,
_c2007.
300 _aiii, 291 p.:
_bill.;
_c25 cm
500 _aIncludes index.
505 _aContents: English voices -- The origins of English -- Modernity and english as a national language -- English-colonial to postcolonial -- Accent as social symbol -- Dialect variation in English -- Style shifting, codeswitching.
700 _a Graddol, David
700 _aLeith, Dick
700 _aSwann, Joan
942 _2lcc
_cBK
999 _c6883
_d14383